Aprendizaje de niños y maestros (Record no. 21446)

MARC details
000 -LEADER
campo de control de longitud fija 01257nmc a2200421 a 4500
003 - IDENTIFICADOR DE NÚMERO DE CONTROL
campo de control AR-Y00000XR
005 - FECHA Y HORA DE LA ÚLTIMA TRANSACCIÓN
campo de control 20251128211858.0
008 - DATOS DE LONGITUD FIJA--INFORMACIÓN GENERAL
campo de control de longitud fija 037020s2004 ||||||||||||||000 | spa||
020 ## - NÚMERO INTERNACIONAL ESTÁNDAR DEL LIBRO
Número Internacional Estándar del Libro 950-500-055-8
040 ## - FUENTE DE CATALOGACIÓN
Centro/agencia transcriptor AR-Y00000XR
245 10 - MENCIÓN DEL TÍTULO
Título Aprendizaje de niños y maestros
Resto del título hacia la construcción del sujeto educativo
260 ## - PUBLICACIÓN, DISTRIBUCIÓN, ETC.
Lugar de publicación, distribución, etc. Buenos Aires
Nombre del editor, distribuidor, etc. Manantial
Fecha de publicación, distribución, etc. 2004
300 0# - DESCRIPCIÓN FÍSICA
Extensión 197 p.
490 #0 - MENCIÓN DE SERIE
Mención de serie Biblioteca educacional
504 ## - NOTA DE BIBLIOGRAFÍA, ETC.
Nota de bibliografía, etc. Nota Contiene referencias bibliográficas
650 #4 - PUNTO DE ACCESO ADICIONAL DE MATERIA--TÉRMINO DE MATERIA
Término de materia o nombre geográfico como elemento de entrada APRENDIZAJE ESCOLAR
650 #4 - PUNTO DE ACCESO ADICIONAL DE MATERIA--TÉRMINO DE MATERIA
Término de materia o nombre geográfico como elemento de entrada PROCESO DE APRENDIZAJE
650 #4 - PUNTO DE ACCESO ADICIONAL DE MATERIA--TÉRMINO DE MATERIA
Término de materia o nombre geográfico como elemento de entrada PSICOLOGIA DE LA EDUCACION
650 #4 - PUNTO DE ACCESO ADICIONAL DE MATERIA--TÉRMINO DE MATERIA
Término de materia o nombre geográfico como elemento de entrada PSICOLOGIA DEL NINO
650 #4 - PUNTO DE ACCESO ADICIONAL DE MATERIA--TÉRMINO DE MATERIA
Término de materia o nombre geográfico como elemento de entrada FORMACION DE DOCENTES
650 #4 - PUNTO DE ACCESO ADICIONAL DE MATERIA--TÉRMINO DE MATERIA
Término de materia o nombre geográfico como elemento de entrada EVALUACION
653 #0 - TÉRMINO DE INDIZACIÓN--NO CONTROLADO
Término no controlado SUJETO EDUCATIVO
700 1# - ENTRADA AGREGADA--NOMBRE PERSONAL
Nombre de persona Elichiry, Nora Emilce
Término indicativo de función/relación compilador
700 1# - ENTRADA AGREGADA--NOMBRE PERSONAL
Nombre de persona Brizuela, Bárbara M.
700 1# - ENTRADA AGREGADA--NOMBRE PERSONAL
Nombre de persona Ehuletche, Ana María
700 1# - ENTRADA AGREGADA--NOMBRE PERSONAL
Nombre de persona Faingenbaum, Gustavo
700 1# - ENTRADA AGREGADA--NOMBRE PERSONAL
Nombre de persona Feldsberg, Ruth Carina
700 1# - ENTRADA AGREGADA--NOMBRE PERSONAL
Nombre de persona Gerstenhaber, Claudia E.
700 1# - ENTRADA AGREGADA--NOMBRE PERSONAL
Nombre de persona Herman, Mariela
700 1# - ENTRADA AGREGADA--NOMBRE PERSONAL
Nombre de persona Kaplan, Carina Viviana
700 1# - ENTRADA AGREGADA--NOMBRE PERSONAL
Nombre de persona Kaufman, Ana María
700 1# - ENTRADA AGREGADA--NOMBRE PERSONAL
Nombre de persona Pergoraro, Valeria
700 1# - ENTRADA AGREGADA--NOMBRE PERSONAL
Nombre de persona Perelman, Flora
700 1# - ENTRADA AGREGADA--NOMBRE PERSONAL
Nombre de persona Zelaya, Gloria
700 1# - ENTRADA AGREGADA--NOMBRE PERSONAL
Nombre de persona Zimmerman, Mario A.
942 ## - ELEMENTOS DE ENTRADA SECUNDARIOS (KOHA)
Tipo de ítem Koha Libros
998 ## - INFORMACIÓN DE CONTROL LOCAL (RLIN)
Iniciales del catalogador, CIN (RLIN) me-listados
Holdings
Estatus retirado Estado de pérdida Fuente de la clasificación o esquema de estantería Estado de daño No para préstamo Biblioteca de origen Biblioteca actual Fecha de adquisición Total de préstamos Signatura topográfica completa Código de barras Visto por última vez Precio de reemplazo Tipo de ítem Koha
    Clasificación Decimal Dewey     Liberty Liberty 28/11/2025   37.015.3 ELIH 143462 28/11/2025 28/11/2025 Libros
    Clasificación Decimal Dewey     Liberty Liberty 28/11/2025   37.015.3 ELIH 143463 28/11/2025 28/11/2025 Libros